Urbanizacja a ruch naturalny ludnósci w Polsce
Uložené v:
| Hlavný autor: | |
|---|---|
| Ďalší autori: | |
| Médium: | Kniha |
| Jazyk: | Polish |
| Vydavateľské údaje: |
Warszawa
Szkola glówna planowania i statystyki
1983
|
| Tagy: |
Žiadne tagy, Buďte prvý, kto otaguje tento záznam!
|
MARC
| LEADER | 00000nam a2200000 4500 | ||
|---|---|---|---|
| 001 | c116848 | ||
| 005 | 20041019155205.8 | ||
| 041 | 0 | |a pol | |
| 044 | |a PL | ||
| 245 | 1 | 0 | |a Urbanizacja a ruch naturalny ludnósci w Polsce |c Adam Jelonek, Andrzej Zborowski |
| 264 | 1 | |a Warszawa |b Szkola glówna planowania i statystyki |c 1983 | |
| 300 | |a 88 s. | ||
| 100 | 1 | |a Jelonek, Adam | |
| 700 | 1 | |a Zborowski, Andrzej | |